00674nam a2200181Ia 4500952014100000999001700141003000400158005001700162008004100179020001800220040000900238082001800247100003400265245010400299260003800403300000900441942004200450 00102ddc40708PHILOSOPHYaMESbMEScPHILOSOPHYd2019-02-20g695.00l0o181.07 CAL/Ip38820r2019-02-20 00:00:00w2019-02-20yBKzU3R3 c21799d21799OSt20200612122325.0190216s9999||||xx |||||||||||||| ||und|| a9781851684045 coclc a181.07bCAL/I aCallatay, Godefroid De 92835 0a Ikhwan Al-Safa A Brotherhood Of Idealists On The Fringe Of Orthodox Islam /cGodefroid De Callatay bOneworld Oxford,c2009.aEngland: a122p cBK2ddch181.07iCAL/Ik181.07mCAL/I